| 000 | 00913pam a2200277 a 4500 | ||
|---|---|---|---|
| 001 | 3805785 | ||
| 003 | ARRUPE | ||
| 005 | 20150325173402.0 | ||
| 008 | 850918t19861984nyu 000 0 eng | ||
| 010 | _a 85020760 | ||
| 020 |
_a0385232411 (pbk.) : _c$3.95 |
||
| 040 |
_aDLC _cDLC _dDLC |
||
| 041 | 1 | _aenglat | |
| 050 | 0 | 0 |
_aBX2904 _b.E5 1986 |
| 082 | 0 | 0 |
_a255/.406 _219 |
| 100 | 0 |
_aAugustine, _cSaint, Bishop of Hippo. _916544 |
|
| 240 | 1 | 0 |
_aRegula. _lEnglish |
| 245 | 1 | 4 |
_aThe rule of Saint Augustine / _cwith introduction and commentary by Tarsicius J. van Bavel ; translated by Raymond Canning. |
| 260 |
_aGarden City, N.Y. : _bImage Books, _c1986, c1984. |
||
| 300 |
_a120 p. ; _c18 cm. |
||
| 500 | _aTranslation of: Regula. | ||
| 610 | 2 | 0 |
_aAugustinians _vRules. _916545 |
| 700 | 1 |
_aBavel, Tarsicius J. van. _916546 |
|
| 906 |
_a7 _bcbc _corignew _d1 _eocip _f19 _gy-gencatlg |
||
| 942 |
_2lcc _cMONOGRAPH |
||
| 999 |
_c122492 _d122492 |
||